United States Grid - Statistics

General Stats
  • This quiz has been taken 78 times
  • The average score is 20 of 28
Answer Stats
Answers % Correct
Texas
98%
Texas or Oklahoma
98%
California
97%
Oregon
92%
Arizona
91%
Montana or Wyoming
86%
Utah
86%
South Dakota
83%
Alberta or Saskatchewan
81%
Kansas or Nebraska
81%
Maine
81%
Ontario
81%
Illinois
80%
Pennsylvania
80%
Tennessee or Mississippi
78%
Wisconsin
78%
British Columbia
75%
Quebec
75%
Louisiana
70%
Manitoba
69%
North Carolina
67%
Gulf of Mexico
61%
Atlantic Ocean
58%
Pacific Ocean
58%
Lake Huron (Georgian Bay)
38%
Sonora
31%
Gulf of California
20%
Nuevo León
14%
No matching quizzes found
Score Distribution
Percent of People with Each Score
Percentile by Number Answered
Your Score History
You have not taken this quiz